[Event "Usti nad Labem rapid op"]
[Site "Usti nad Labem"]
[Date "2023.05.06"]
[Round "4"]
[White "Groh, Jiri1111"]
[Black "Vrana, Frantisek"]
[Result "0-1"]
[WhiteElo "1916"]
[BlackElo "2101"]
[PlyCount "118"]
[EventDate "2023.05.06"]
[EventType "swiss (rapid)"]
[EventRounds "7"]
[EventCountry "CZE"]
[SourceTitle "CBM 214 Extra"]
[Source "ChessBase"]
[SourceDate "2023.07.31"]
[SourceVersion "1"]
[SourceVersionDate "2023.07.31"]
[SourceQuality "1"]

1. Nf3 Nf6 2. c4 d6 3. g3 Bg4 4. Bg2 c6 5. 0-0 e5 6. d4 Nbd7 7. Nc3 Be7 8. h3 Bh5 9. dxe5 dxe5 10. b3 0-0 11. Bb2 Qc7 12. Rc1 Rad8 13. Qc2 Bg6 14. e4 Rfe8 15. Nh4 Bh5 16. Nf5 Bc5 17. g4 Bg6 18. Nh4 Nf8 19. Rcd1 Ne6 20. Nxg6 hxg6 21. Ne2 g5 22. Bc1 Nh7 23. Qc3 Nhf8 24. b4 Nd4 25. Ng3 Be7 26. Rfe1 g6 27. c5 Nfe6 28. Be3 a5 29. a3 axb4 30. axb4 b6 31. cxb6 Qxb6 32. Rb1 Rb8 33. Qc4 Bxb4 34. Ne2 Qc5 35. Qxc5 Bxc5 36. Nxd4 Bxd4 37. Rbc1 c5 38. Bf1 Rb2 39. Rb1 Reb8 40. Rxb2 Rxb2 41. Kh2 Bxe3 42. Rxe3 Rxf2+ 43. Kg1 Rc2 44. Ra3 Nd4 45. Bg2 c4 46. Ra8+ Kg7 47. Rc8 c3 48. Kh2 Ne2 49. Bf3 Nf4+ 50. Kg3 Kf6 51. Rc6+ Ke7 52. Rc5 Kd6 53. Ra5 Rb2 54. Ra6+ Kc5 55. Ra7 c2 56. Rc7+ Kd4 57. h4 gxh4+ 58. Kxh4 Rb3 59. Kg5 Rc3 0-1

[Event "AUT-chT2O 2223"]
[Site "Austria"]
[Date "2022.10.16"]
[Round "2.2"]
[White "Vrana, Frantisek"]
[Black "Bauer, Valentina"]
[Result "1-0"]
[WhiteElo "2212"]
[BlackElo "1789"]
[PlyCount "97"]
[EventDate "2022.10.15"]
[EventType "team-tourn"]
[EventRounds "11"]
[EventCountry "AUT"]
[SourceTitle "EXT 2024"]
[Source "ChessBase"]
[SourceDate "2023.10.10"]
[SourceVersion "1"]
[SourceVersionDate "2023.10.10"]
[SourceQuality "1"]
[WhiteTeam "Mistelbach/Altlichtenwarth"]
[BlackTeam "Purbach/Donnerskirchen"]
[WhiteTeamCountry "AUT"]
[BlackTeamCountry "AUT"]

1. e4 e6 2. d3 d5 3. Nd2 c5 4. Ngf3 Nc6 5. g3 b6 6. Bg2 Bb7 7. 0-0 Nf6 8. e5 Nd7 9. Re1 Qc7 10. Qe2 g6 11. Nf1 Bg7 12. Bf4 0-0 13. h4 h5 14. N1h2 Ne7 15. Bh3 d4 16. g4 hxg4 17. Nxg4 Nf5 18. Bh2 Bxf3 19. Qxf3 Nxh4 20. Qe4 Nf5 21. Qf4 Qd8 22. Re4 Kh7 23. Kg2 Rh8 24. Rh1 Kg8 25. Bg3 Nf8 26. Kf1 Nh7 27. Bg2 Qg5 28. Rxh7 Nxg3+ 29. fxg3 Qxf4+ 30. Rxf4 Kxh7 31. Bxa8 Rxa8 32. Rxf7 Rf8 33. Rxf8 Bxf8 34. Kg2 g5 35. Kf3 Kg6 36. Ke4 Bg7 37. a4 a6 38. b4 a5 39. bxa5 bxa5 40. Kf3 Kf5 41. Nf2 Bxe5 42. g4+ Kg6 43. Ne4 Bc7 44. Nxc5 Bd6 45. Nxe6 Kf6 46. Nxd4 Bb4 47. Ke4 Bc5 48. Kd5 Bb6 49. Nf5 1-0

[Event "AUT-chT2O 2122"]
[Site "Austria"]
[Date "2022.02.27"]
[Round "7.4"]
[White "Petran, Peter"]
[Black "Vrana, Frantisek"]
[Result "1-0"]
[WhiteElo "2231"]
[BlackElo "2233"]
[PlyCount "119"]
[EventDate "2021.10.16"]
[EventType "team-tourn"]
[EventRounds "11"]
[EventCountry "AUT"]
[SourceTitle "EXT 2023"]
[Source "ChessBase"]
[SourceDate "2022.10.05"]
[SourceVersion "1"]
[SourceVersionDate "2022.10.05"]
[SourceQuality "1"]
[WhiteTeam "Mattersburg"]
[BlackTeam "Mistelbach/Altlichtenwarth"]
[WhiteTeamCountry "AUT"]
[BlackTeamCountry "AUT"]

1. g3 e5 2. c4 Nf6 3. Bg2 d5 4. cxd5 Nxd5 5. Nc3 Ne7 6. Nf3 Nbc6 7. 0-0 g6 8. Rb1 a5 9. a3 Bg7 10. d3 0-0 11. Bd2 Nd4 12. Ne1 Rb8 13. e3 Ne6 14. b4 axb4 15. axb4 b6 16. Qc2 Bb7 17. Nf3 Ba6 18. b5 Bb7 19. Rfd1 Nf5 20. Ne4 Nd6 21. Bc3 f5 22. Nxd6 cxd6 23. Qb3 Re8 24. d4 Bxf3 25. Bxf3 e4 26. Be2 d5 27. Bb4 Qd7 28. Ra1 Ra8 29. Ra6 Qb7 30. Rc1 Rec8 31. Rxa8 Qxa8 32. Rxc8+ Qxc8 33. Qxd5 Bf8 34. Bxf8 Kxf8 35. Bc4 Ke7 36. h4 Nd8 37. Qg8 Kd6 38. Kg2 Qd7 39. Qd5+ Kc7 40. Qxd7+ Kxd7 41. Bg8 h6 42. Bh7 Nb7 43. Bxg6 Nd6 44. f3 Ke6 45. fxe4 fxe4 46. g4 Kd5 47. h5 Nxb5 48. g5 Ke6 49. gxh6 Kf6 50. h7 Kg7 51. Bxe4 Nc3 52. Bc2 b5 53. Kf3 b4 54. Kf4 Ne2+ 55. Ke5 Nc1 56. d5 b3 57. Bg6 Na2 58. d6 Nb4 59. d7 b2 60. h8Q+ 1-0

[Event "AUT-chT2O 2122"]
[Site "Austria"]
[Date "2021.10.17"]
[Round "2.4"]
[White "Vrana, Frantisek"]
[Black "Smith, Jeff R"]
[Result "1/2-1/2"]
[WhiteElo "2233"]
[BlackElo "2084"]
[PlyCount "62"]
[EventDate "2021.10.16"]
[EventType "team-tourn"]
[EventRounds "11"]
[EventCountry "AUT"]
[SourceTitle "CBM 204 Extra"]
[Source "ChessBase"]
[SourceDate "2021.11.30"]
[SourceVersion "1"]
[SourceVersionDate "2021.11.30"]
[SourceQuality "1"]
[WhiteTeam "Mistelbach/Altlichtenwarth"]
[BlackTeam "Hietzing"]
[WhiteTeamCountry "AUT"]
[BlackTeamCountry "AUT"]

1. e4 e6 2. d3 d5 3. Nd2 Nf6 4. Ngf3 b6 5. exd5 exd5 6. Be2 Bd6 7. 0-0 0-0 8. Re1 h6 9. a4 c5 10. a5 bxa5 11. Nb3 Nc6 12. Bd2 Be6 13. Nxa5 Qd7 14. Bf1 Nxa5 15. Rxa5 Rab8 16. Qa1 Rb7 17. b3 Qc7 18. h3 Nd7 19. d4 Bf5 20. Rc1 Be4 21. dxc5 Bxc5 22. Nd4 Bb6 23. Ra2 Qe5 24. Be3 Rc7 25. Bb5 Rfc8 26. Ba6 Rd8 27. Bb5 Rdc8 28. Ba6 Rd8 29. Bb5 Rdc8 30. Bxd7 Rd8 31. Bb5 Rdc8 1/2-1/2